000 00638nam a2200265Ia 4500
005 20260121170659.0
008 008 260114s9999 xx 000 0 eng d
020 _a9789811314957
037 _aEBOOK
040 _aCRL
040 _beng
040 _cCRL
041 _2eng
041 _aeng
084 _qCRL
100 _aAmanda Heffernan
_91066849
245 4 _aThe Principal and School Improvement
260 _bSpringer
260 _bSpringer
260 _c2018
856 _uhttps://link.springer.com/openurl?genre=book&isbn=978-981-13-1495-7
942 _cEBOOK
999 _c1632579
_d1632579